000 00619nam a2200241Ia 4500
005 20250425162227.0
008 250425s9999 xx 000 0 und d
020 _a0324015658
041 _aeng
082 _a658.15
100 _aPALEPU, KRISHNA G
245 0 _aBUSINESS ANALYSIS & VALUATION:USING FINANCIAL STATEMENTS
250 _a2ND ED.
260 _aEstados Unidos
_bSOUTH-WESTER COLLEGE PUBLISHING
_c2000
260 _aS.L.
300 _a354
650 _aFINANZAS
650 _aNEGOCIOS
650 _aVALUACION
710 _aSOUTH - WESTERN COLLAGE PUBLISHING
942 _c01
010 _a57948
999 _c224938
_d224938